000 00811nac a22002770a 4500
001 PT1830
003 AR-LpoUNG
005 20210201004736.0
008 201001s1996||||xxu|||||||||||||||||spa d
020 _a1564090159
_c$188.33
040 _aAR-LpoUNG
_bspa
_eaacr
041 _aspa
044 _axxu
082 0 _aR030 56ma
245 1 0 _aEnciclopedia Hispanica :
_bMacropedia ; Terapeutica-Zwingli, Huldrych
260 _aKentucky :
_bEnciclopedia Británica,
_c1995-1996.
300 _a408 p. :
_bgráfs.
_a(14
_fVolúmenes)
_3Impreso
490 0 _aEnciclopedia hispanica
650 4 _aDICCIONARIOS
650 4 _aENCICLOPEDIA
650 4 _aMATERIAL DE REFERENCIA
651 4 _aDOCUMENTOS TEORICOS O METODOLOGICOS
710 2 _aEnciclopedia Britanica Publishers
905 _a1830
942 _cLSALA
999 _c47426
_d47426